| 000 | 00925njm a2200289Ia 4500 | ||
|---|---|---|---|
| 001 | 37574 | ||
| 003 | IT-RoPAU | ||
| 005 | 20220918181134.0 | ||
| 008 | 131025s9999 xx 000 0 und d | ||
| 040 | _aIT-RoPAU | ||
| 040 | _cIT-RoPAU | ||
| 041 | _aITALIANO | ||
| 999 |
_c100788 _d100788 |
||
| 999 | _bn.d. | ||
| 100 |
_aNilsson Lennart _919513 |
||
| 100 |
_eAutore testo _919514 |
||
| 100 |
_gCodice autore testo SPICS: 3175 _919515 |
||
| 245 | _aCorpo umano-2-Lo scheletro/I muscoli (30 diapositive) | ||
| 250 | _a1a ed. | ||
| 260 | _aROMA | ||
| 260 |
_bSAMPAOLO FILM AUDIOVISIVI _c1973 [1a Ed.: - Ed. Lingua Orig.: 1973] |
||
| 300 | _aDIAPOMONTAGGIO | ||
| 300 | _c (Testo: 16 pag.) | ||
| 500 | _aDiapomontaggio non sonorizzato. Sussidi didattico educativi | ||
| 505 | _aCorpo umano: scheletro umano, muscoli del corpo | ||
| 650 |
_aDIDATTICO [DIAPOMONTAGGIO NON SONORIZZATO] _eCodice MATERIA SPICS: 9972 _919516 |
||
| 942 |
_cDI _2ddc |
||